Quizzes
Events
Quiz Creation
Community
Videos
Private Events
Remove Ads
Sign In
Join for FREE
Feedback
Dark Mode
Quiz Categories
Sports
Geography
Music
Movies
Television
Just For Fun
Miscellaneous
History
Literature
Language
Science
Gaming
Entertainment
Religion
Holiday
For Kids
Quiz Lab
Recent
Popular Today
Quiz Kudos Today
Editor Picks
Curator Picks
Quizzes by...
Day
Popularity
Type
Ratings
Length
Year
Community
Subscriptions
Recent Discussions
Orange Saloon
Badges
Playlists
Quests
Create
Leaderboards
Showdown
Live 5
Trivia Bingo
Activity
Puzzle Library
Sporcle Events
Private Events
Virtual Trivia
Globe League
Become a Host
Pub Owners
SporcleCon
Opinionation
Our Games
Videos
Blog
Mobile Apps
Partnerships
Remove Ads and Go Orange
Feedback
Sports
Athletes
MLB
NBA
NHL
NFL
Soccer
Sports Teams
WWE
NCAA
Football
Premier League
Basketball
Baseball
Hockey
Golf
Tennis
Cricket
Rugby
Auto Racing
Olympics
World Cup
Sports
Athletes
MLB
NBA
NHL
NFL
Soccer
Sports Teams
WWE
NCAA
Football
Premier League
Basketball
Baseball
Hockey
Golf
Tennis
Cricket
Rugby
Auto Racing
Olympics
World Cup
Random Quiz
Search Sporcle
×
Quiz Lab
Quiz Lab
Sports
Baseball
Type in answers that appear in a list
Type in answers that appear in a list
Classic
Best Score? Go Orange.
2010 MLB Postseason Lineups Stats
Can you name the 2010 MLB Postseason Lineups?
By
ShadowPlay
8m
76 Questions
4,411 Plays
4,411 Plays
4,411 Plays
Comments
Comments
Give Quiz Kudos
Give Quiz Kudos
-
- Ratings
hide this ad
More Info
Replay
Link that replays current quiz
Next Quiz
Link to next quiz in quiz playlist
You Got
0%
They Got
Avg Score
63%
Avg Friend Score
Upgrade to see
Score Distribution
Jump to the score distribution portion of the page
Score
0/76
Timer
08:00
0
Plays Today
Team
Player
% Correct
New York Yankees
Derek Jeter
94.4%
New York Yankees
Alex Rodriguez
93.1%
Tampa Bay Rays
Sean Rodriguez
92.8%
Philadelphia Phillies
Ryan Howard
91.9%
Philadelphia Phillies
Jimmy Rollins
91.3%
Texas Rangers
Josh Hamilton
91.2%
Philadelphia Phillies
Chase Utley
90.9%
Tampa Bay Rays
Evan Longoria
90.4%
Cincinnati Reds
Joey Votto
90.1%
Minnesota Twins
Joe Mauer
88.8%
New York Yankees
Robinson Cano
88.4%
New York Yankees
Mark Teixeira
87.9%
New York Yankees
Jorge Posada
86.9%
Texas Rangers
Michael Young
86.8%
Philadelphia Phillies
Roy Halladay
86.6%
Minnesota Twins
Delmon Young
86.5%
New York Yankees
C.C. Sabathia
86.1%
Tampa Bay Rays
Carl Crawford
83.1%
Cincinnati Reds
Brandon Phillips
83.1%
Philadelphia Phillies
Shane Victorino
83%
Texas Rangers
Cliff Lee
82.1%
Texas Rangers
Elvis Andrus
81.9%
Atlanta Braves
Derrek Lee
81.7%
San Francisco Giants
Tim Lincecum
81.3%
Tampa Bay Rays
Carlos Pena
80.6%
San Francisco Giants
Buster Posey
79.8%
Philadelphia Phillies
Jason Werth
79.8%
Tampa Bay Rays
David Price
76.3%
Philadelphia Phillies
Carlos Ruiz
76.1%
New York Yankees
Brett Gardner
75.6%
New York Yankees
Nick Swisher
74.6%
Atlanta Braves
Brian McCann
74.6%
Texas Rangers
Ian Kinsler
74.2%
New York Yankees
Curtis Granderson
74.1%
Tampa Bay Rays
B.J. Upton
73.2%
Texas Rangers
Nelson Cruz
71.9%
Cincinnati Reds
Scott Rolen
71.6%
San Francisco Giants
Pablo Sandoval
71.1%
Team
Player
% Correct
Cincinnati Reds
Jay Bruce
70.2%
Philadelphia Phillies
Raul Ibanez
70.2%
Texas Rangers
Vladimir Guerrero
65%
Atlanta Braves
Jason Heyward
64%
Tampa Bay Rays
Ben Zobrist
61.3%
San Francisco Giants
Aubrey Huff
60.4%
Minnesota Twins
Michael Cuddyer
59.9%
Minnesota Twins
Orlando Hudson
59.7%
Minnesota Twins
Denard Span
59.4%
Minnesota Twins
Francisco Liriano
59.3%
Tampa Bay Rays
Jason Bartlett
59%
Cincinnati Reds
Edinson Volquez
58.6%
Texas Rangers
Bengie Molina
58.1%
Cincinnati Reds
Orlando Cabrera
57.2%
Atlanta Braves
Derek Lowe
55%
San Francisco Giants
Pat Burrell
54.3%
Minnesota Twins
Jason Kubel
51.1%
Atlanta Braves
Alex Gonzalez
48.1%
Minnesota Twins
Jim Thome
48.1%
Atlanta Braves
Omar Infante
45%
San Francisco Giants
Freddy Sanchez
42.5%
Cincinnati Reds
Ramon Hernandez
41.5%
San Francisco Giants
Andres Torres
40.9%
San Francisco Giants
Juan Uribe
40.4%
Cincinnati Reds
Drew Stubbs
39.8%
New York Yankees
Marcus Thames
35.5%
San Francisco Giants
Cody Ross
30.8%
Minnesota Twins
J.J. Hardy
30.3%
Cincinnati Reds
Jonny Gomes
28.9%
Minnesota Twins
Danny Valencia
26.3%
Tampa Bay Rays
Kelly Shoppach
25.4%
Texas Rangers
Jeff Francoeur
25.3%
Atlanta Braves
Brooks Conrad
24.9%
Tampa Bay Rays
Rocco Baldelli
24.2%
Atlanta Braves
Matt Diaz
23.9%
Texas Rangers
Jorge Cantu
21.9%
Philadelphia Phillies
Wilson Valdez
21.4%
Atlanta Braves
Rick Ankiel
21.1%
Quiz Playlist
Details
Report
Send in Message
Add To Playlist
More Info:
From Game 1 of each series
Classic:
Type in answers that appear in a list
Last Updated: Feb 16, 2017
Quiz Scoreboard
CHALLENGE
Sign Up to Join the Scoreboard
Show All
Scores
Hide
Comments
May contain spoilers
Recently Published
TV Characters by Other Roles V
by ghcgh
Television
5m
Decade Duel: World Leaders
by jenniferyan
History
4m
Alphabetical 'K' Countries by Flag Minefield
by ylime102
Geography
3m
More to Explore
Quiz From the Vault
Featured Blog Post
15 Basketball Trivia Facts You Can Be March Mad About
hide this ad
You Might Also Like...
Tags
Baseball Quiz
MLB Quiz
2010
Player
pos
postseason
team
Today's Top Quizzes in Sports
Browse Sports
hide this ad
Today's Top Quizzes in Baseball
Browse Baseball
Top Contributed Quizzes in Sports
1
Les joueurs à 100 buts en Ligue 1 Uber Eats
2
2022 World Cup Stars
3
Pick 6: NFL Teams
4
MLB 2 truths and a lie: Hall of Fame pitchers
5
Pick 6: Minor League Baseball
6
Millionaire: NBA Finals Edition
7
Pick 6: Olympics
8
Click the 1998 NBA Draft
9
Criteria MLB: Left Handed Sluggers
10
NBA Logic Puzzle 2.0
Explore More
Trending Topics
Marvel
NBA
Harry Potter
Kpop
Crossword
Disney
Anime
Pokémon
NFL
Country
Puzzle
The Office
WWE
Soccer
Song
hide this ad
More By:
ShadowPlay
Quiz
Plays
Rating
Category
Featured
Created
Movie Title Fill-in-the-Blank
411,792
4.10
Movies
Feb 15, 2010
'Irony' According to Alanis Morissette
110,415
3.93
Music
Jan 27, 2010
Movie Title Fill-in-the-Blank 2
4,542
3.28
Movies
Feb 17, 2010
2010 MLB Postseason Lineups
4,411
4.23
Sports
Oct 7, 2010
2010 NL Opening Day Lineups
2,909
4.42
Sports
Apr 5, 2010
Go to Creator's Profile
Score Distribution
Quiz Creator Spotlight
ShadowPlay
Follow
Send a Message
Quizzes Created
-
Created Quiz Play Count
-
More By This Creator
Popular Quizzes Today
1
Countries of Asia Without Outlines Minefield
2
Find the US States - No Outlines Minefield
3
Pick 6: Fruits
4
The Countries of the World
5
Alphabetical 'K' Countries by Flag Minefield
6
Find the Countries of Europe - No Outlines Minefield
7
US States
8
Find the US States
More Sports Quizzes
MLB MVPs 1970s Multiple Choice
Editor's Pick
Trending Quizzes
Pick 6: Mountains
Pick 6: Harry Potter
Pick 6: Flags
Pick 6: NFL Teams
Pick 6: Movie Franchises
Recently Updated
Adaptations: Name the Title
pecheneg
NWSL Teams
pecheneg
Women's Final Four Teams by Year
bhenderson79
Presidents Quartet II
eogle
Anything But Clue(do)
eogle
Anything But Oceanian Capitals
eogle
Anything But 7
eogle
Anything But Thing
eogle
Word Ladder: February 29
pecheneg
Song Title Questions
pecheneg
Trending Topics
Kpop
Harry Potter
NBA
Marvel
Crossword
Anime
Disney
Pokémon
The Office
NFL
Country
Soccer
Song
WWE
Puzzle
Your Account Isn't Verified!
In order to create a playlist on Sporcle, you need to verify the email address you used during registration. Go to your
Sporcle Settings
to finish the process.
Report this User
Report this user for behavior that violates our
Community Guidelines
.
Details:
Send Report
Go to the Sporcle.com Mobile Site →
Comments